the young collector's illustrated classics: (Record no. 9408)

MARC details
000 -LEADER
fixed length control field 00858nam a22001937a 4500
003 - CONTROL NUMBER IDENTIFIER
control field OSt
005 - DATE AND TIME OF LATEST TRANSACTION
control field 20260414082432.0
008 - FIXED-LENGTH DATA ELEMENTS--GENERAL INFORMATION
fixed length control field 260414b |||||||| |||| 00| 0 eng d
040 ## - CATALOGING SOURCE
Original cataloging agency DWCL GS lib
Transcribing agency OC
082 ## - DEWEY DECIMAL CLASSIFICATION NUMBER
Classification number Fic. W989y 1998
100 ## - MAIN ENTRY--PERSONAL NAME
Personal name Wyss, Johann
245 ## - TITLE STATEMENT
Title the young collector's illustrated classics:
Remainder of title swiss family robinson
Statement of responsibility, etc. Johann Wyss
260 ## - PUBLICATION, DISTRIBUTION, ETC.
Place of publication, distribution, etc. Chicago
Name of publisher, distributor, etc. Masterwork Books
Date of publication, distribution, etc. c1998
300 ## - PHYSICAL DESCRIPTION
Extent 188
Other physical details illustrations
Dimensions 23cm
520 ## - SUMMARY, ETC.
Summary, etc. A Swiss family must survive being shipwrecked on a deserted island. A family en route to New Guinea is shipwrecked on a deserted, tropical island. They are forced to remain on the island because of the damage to the ship and the pirates that are roaming the islands.
546 ## - LANGUAGE NOTE
Language note English
700 ## - ADDED ENTRY--PERSONAL NAME
Personal name Johann Wyss
942 ## - ADDED ENTRY ELEMENTS (KOHA)
Source of classification or shelving scheme Dewey Decimal Classification
Koha item type Fiction
Classification part Fic. W989y 1998
Suppress in OPAC No
952 ## - LOCATION AND ITEM INFORMATION (KOHA)
--
Holdings
Withdrawn status Lost status Source of classification or shelving scheme Damaged status Not for loan Home library Current library Shelving location Date acquired Source of acquisition Total Checkouts Full call number Barcode Date last seen Price effective from Koha item type Uniform Resource Identifier
    Dewey Decimal Classification     Grade School Library Grade School Library Fiction 04/14/2026 School Fund, Donation   Fic. W989y 1998 20822 04/14/2026 04/14/2026 FIC.